000
00235nam a22001097a 4500
999
_c
532187
_d
532187
040
_c
DLC
100
_a
Jack Gido
_9
25528
245
_a
Project Management
260
_a
New Delhi
_b
Cengage
_c
c2007
300
_a
p;374
942
_2
ddc
_c
BK